000 00790nam a22003017a 4500
005 20251105194731.0
008 160406b1998 xxu||||| |||| 00| 0 spa d
020 _a068330044X
041 _aESP
082 _a611.314 W842a
100 _aWoelfel, Julian B
_944417
100 _aScheid, Rickne
245 _aAnatomía dental: aplicaciones clínicas
260 _aEspaña
260 _bMASSON
260 _c1998
300 _a498 páginas
300 _bIlustraciones a blanco y negro
490 _aMecánica Dental
650 _aANATOMÍA DENTAL
650 _aMORFOLOGÍA DENTAL
650 _aMORFOLOGÍA RADICULAR
650 _aOCLUSIÓN
650 _aODONTOLOGÍA FORENSE
650 _aODONTOLOGÍA RESTAURADORA
650 _aANOMALÍAS DENTALES
942 _cBK
_2ddc
999 _c9921
_d9921